| 000 | 00577 a2200157 4500 | ||
|---|---|---|---|
| 020 | _a0387256415 | ||
| 020 | _a9780387256412 | ||
| 082 | 0 | 4 | _a793 |
| 090 |
_c437 _d437 |
||
| 100 | 1 | _aGardner, Martin. | |
| 245 | 1 | 4 |
_aThe universe in a handkerchief : _blewis carroll's mathematical recreations, games, puzzles, and word plays / _cMartin Gardner. |
| 260 |
_a[S.l.] : _bSpringer, _c1996. |
||
| 300 |
_a168 p. ; _c24 cm. |
||
| 942 |
_aSNS _cBK _k793.73 CAR |
||
| 999 |
_c29069 _d29069 |
||